| 000 -ლიდერი |
| ფიქსირებული სიგრძის საკონტროლო ველი |
01675nam a22002417a 4500 |
| 003 - საკონტროლო ნომრის იდენტიფიკატორი |
| საკონტროლო ველი |
Ge_BSU |
| 005 - ბოლო ოპერაციის თარიღი და დრო |
| საკონტროლო ველი |
20230621143024.0 |
| 008 - ფიქსირებული სიგრძის მონაცემთა ელემენტები - ზოგადი ინფორმაცია |
| ფიქსირებული სიგრძის საკონტროლო ველი |
230621s2014 ge ||||| |||| 00| 0 geo d |
| 020 ## - წიგნის საერთაშორისო სტანდარტული ნომერი |
| International Standard Book Number |
9789941446092 |
| 041 ## - ენის კოდი |
| Language code of text/sound track or separate title |
geo |
| 080 ## - უნივერსალური ათობითი კლასიფიკაციის ინდექსი |
| Universal Decimal Classification number |
352.071(479.22–25) კ-44 |
| 100 ## - მთავარი ჩანაწერი - პიროვნების სახელი |
| Personal name |
კვარაცხელია, მაკა |
| 9 (RLIN) |
18871 |
| 245 ## - ცნობა სათაურის შესახებ |
| Title |
ქალაქ თბილისის თვითმმართველობა : |
| Remainder of title |
არჩევნები. საკანონმდებლო ბაზა. ბიუჯეტი, 1917-1921 / |
| Statement of responsibility, etc |
მაკა კვარაცხელია ; რედ. ვახტანგ გურული ; საქ. საპატრიარქოს წმ. ანდრია პირველწოდებულის სახ. ქართ. უნ-ტის ჰუმანიტ. მეცნ. ფაკ-ტი. |
| 264 ## - წარმოების, გამოცემის, დისტრიბუციის და სხვა ცნობები |
| გამოცემის, წარმოების, დისტრიბუციის... ადგილი |
თბილისი : |
| გამოცემის, წარმოების, დისტრიბუციის... სახელწოდება |
არტანუჯი, |
| გამოცემის, წარმოების, დისტრიბუციის... თარიღი |
2014. |
| 300 ## - ფიზიკური აღწერა |
| Extent |
150 გვ. |
| Other physical details |
+ 6 ჩართ. ფ. ფოტ. |
| Dimensions |
20 სმ. |
| 501 ## - შენიშვნა თანმხლებ მასალაზე |
| With note |
საძიებელი: გვ. 140-142. |
| 504 ## - BIBLIOGRAPHY, ETC. NOTE |
| Bibliography, etc |
ბიბლიოგრ. ტექსტ. შენიშვნ. და გვ. 143-147. |
| 520 ## - SUMMARY, ETC. |
| Summary, etc |
რეზ. ინგლ. |
| 653 ## - INDEX TERM--UNCONTROLLED |
| Uncontrolled term |
თბილისის თვითმმართველობა |
| 700 ## - ADDED ENTRY--PERSONAL NAME |
| Personal name |
გურული, ვახტანგ |
| Relator term |
რედაქტორი |
| 9 (RLIN) |
18872 |
| 710 ## - ADDED ENTRY--CORPORATE NAME |
| Corporate name or jurisdiction name as entry element |
საქ. საპატრიარქოს წმ. ანდრია პირველწოდებულის სახ. ქართ. უნ-ტი. |
| Subordinate unit |
ჰუმანიტ. მეცნ. ფაკ-ტი. |
| 9 (RLIN) |
18873 |
| 942 ## - ADDED ENTRY ELEMENTS (KOHA) |
| Source of classification or shelving scheme |
|
| Koha item type |
წიგნი |